Tilastot visalle Mestarien liigan voittajat

Klikkaa tästä pelataksesi tätä visaa!

Yleistilastot

  • Tätä visaa on pelattu 413 kertaa
  • Keskiarvotulos 14 / 23

Vastaustilastot

MestaruudetSeura% Oikein
14Real Madrid
99%
5Barcelona
98%
3Manchester United
95%
1Manchester City
92%
6Liverpool
91%
6Bayern München
88%
7Milan
84%
2Chelsea
83%
3Internazionale
76%
2Juventus
76%
4Ajax
73%
1Borussia Dortmund
67%
2Porto
57%
2Nottingham Forest
47%
1Marseille
43%
2Benfica
40%
1PSV Eindhoven
40%
1Aston Villa
37%
1Celtic
36%
1Belgradin Punainen tähti
33%
1Hamburger SV
28%
1Feyenoord
23%
1Steaua Bukarest
23%

Tulosjakauma

Persentiili vastausten määrän mukaan

Jokaisen tuloksen saaneiden osuus

Tuloshistoriasi

Et ole pelannut tätä visaa